[Event "Dortmund Sparkassen op-C 47th"]
[Site "Dortmund"]
[Date "2019.07.16"]
[Round "4"]
[White "Karras, Luke"]
[Black "Ackerhans, Gerd"]
[Result "1/2-1/2"]
[WhiteElo "1466"]
[BlackElo "1271"]
[PlyCount "116"]
[EventDate "2019.07.13"]
[EventType "swiss"]
[EventRounds "9"]
[EventCountry "GER"]
[SourceTitle "CBM 192 Extra"]
[Source "Chessbase"]
[SourceDate "2019.11.06"]
[SourceVersion "1"]
[SourceVersionDate "2019.11.06"]
[SourceQuality "1"]

1. e4 c5 2. Nc3 Nc6 3. g3 Nf6 4. Bg2 d6 5. f4 Bg4 6. Nf3 Nd4 7. d3 a6 8. h3 Bxf3 9. Bxf3 Nxf3+ 10. Qxf3 b5 11. e5 dxe5 12. fxe5 Nd7 13. e6 fxe6 14. 0-0 Qb8 15. Qf7+ Kd8 16. Ne4 Nf6 17. Qxe6 Nxe4 18. Qxe4 Qxg3+ 19. Qg2 Qxg2+ 20. Kxg2 g6 21. Be3 Rc8 22. Rae1 Bg7 23. c3 c4 24. d4 Rf8 25. Rxf8+ Bxf8 26. Rf1 Kd7 27. Rf7 h5 28. Kg3 Ke6 29. Rh7 Kf5 30. Bh6 Bxh6 31. Rxh6 Kf6 32. Rh7 Rg8 33. Kf4 g5+ 34. Kg3 Rg7 35. Rxh5 e5 36. Rh6+ Kf5 37. Rd6 Re7 38. Rd5 Ke4 39. Rd6 exd4 40. Rxd4+ Ke5 41. Kg4 Rh7 42. Rd8 Rh4+ 43. Kg3 Rh6 44. Rc8 Ke4 45. Rc5 Rg6 46. Kg4 Kd3 47. Rxg5 Rxg5+ 48. Kxg5 Kc2 49. h4 Kxb2 50. h5 b4 51. h6 bxc3 52. h7 c2 53. h8Q+ Kb1 54. Qh7 Kb2 55. Qh2 Kb1 56. Qb8+ Kxa2 57. Qf4 Kb1 58. Qe4 Kb2 1/2-1/2